Encuentro opciones de Política Económica para el Salvador: La política Fiscal en la decada de los ochenta
Guardado en:
| Autor principal: | |
|---|---|
| Formato: | Texto |
| Publicado: |
Heredia:
s.e
|
| Etiquetas: |
Agregar Etiqueta
Sin Etiquetas, Sea el primero en etiquetar este registro!
|
MARC
| LEADER | 00000 a a2200000 04500 | ||
|---|---|---|---|
| 001 | 25421 | ||
| 003 | |||
| 040 | |a CRAI/IIS |c CRAI/IIS | ||
| 090 | |a 181900 | ||
| 100 | |a Anaya, Oscar E. | ||
| 245 | |a Encuentro opciones de Política Económica para el Salvador: La política Fiscal en la decada de los ochenta | ||
| 260 | |a Heredia: |b s.e | ||
| 300 | |a 20 p | ||
| 999 | |c 17770 |d 17770 | ||
